Statistics for College Football Team Colors (Yellow/Gold)

Click here to take the quiz!

General Stats

  • This quiz has been taken 117 times
    (111 since last reset)
  • The average score is 34 of 51

Answer Stats

HintAnswer% Correct
B1G 10Michigan
93%
Pac-12USC
89%
SECLSU
87%
Pac-12UCLA
86%
ACCFlorida State
84%
B1G 10Iowa
84%
Pac-12Oregon
84%
ACCGeorgia Tech
83%
IndependentNotre Dame
83%
Big XIIWest Virginia
83%
Pac-12Arizona State
80%
Pac-12California
80%
SECMissouri
80%
ACCBoston College
79%
Pac-12Colorado
79%
Big XIIBaylor
77%
ACCWake Forest
77%
ACCPittsburgh
76%
Big XIIIowa State
74%
SECVanderbilt
74%
B1G 10Minnesota
73%
B1G 10Maryland
71%
B1G 10Purdue
71%
Pac-12Washington
71%
Big XIIKansas
70%
Sun BeltAppalachian State
67%
MACToledo
67%
AmericanUCF
67%
IndependentArmy
60%
MACCentral Michigan
60%
MWWyoming
60%
MACAkron
59%
ACCLouisville
59%
AmericanNavy
59%
MACWestern Michigan
57%
AmericanEast Carolina
56%
MACKent State
56%
C-USAUAB
56%
MACOhio
53%
AmericanTulsa
53%
MWColorado State
51%
MWSan Jose State
51%
Sun BeltTexas State
50%
C-USASouthern Miss
47%
AmericanSouth Florida
47%
MACBowling Green
46%
Sun BeltLouisiana-Monroe
44%
C-USAFlorida International
41%
Sun BeltGeorgia Southern
40%
Sun BeltCoastal Carolina
31%
C-USACharlotte
30%

Score Distribution

Percentile by Number Answered

Percent of People with Each Score

Your Score History

You have not taken this quiz since the last reset